| 000 | 00712cab a2200217 4500 | ||
|---|---|---|---|
| 001 | WB3203-17 | ||
| 008 | 090401t1996 xxu||||| |||| 00| 0 eng d | ||
| 035 | _a(Sirsi) u1925 | ||
| 041 | _aeng | ||
| 245 | _aLondon `best` for banking | ||
| 260 | _c1996 | ||
| 350 | _a0 | ||
| 490 |
_aDaily Telegraph _v17 January 1996, 24(1) |
||
| 520 | _aA joint Corporation of London/London School of Economics report claims that banks and other financial service companies based in London can be 40% more productive than those based elsewhere. | ||
| 650 | _aBANKING SECTOR | ||
| 650 | _aFINANCIAL CENTRES | ||
| 650 | _aLONDON | ||
| 690 | _aPROPERTY-PROPERTY FINANCE AND INVESTMENT | ||
| 942 | _n0 | ||
| 948 | _c04/03/1997 | ||
| 999 |
_c1130 _d1130 |
||